Complete as Frases de Jesus - Statistics

Estatísticas Gerais
  • Esse quiz foi jogado 355 vezes
  • A pontuação média é 13 de 18
Estatísticas das Respostas
Frase Complete % Correto
"E conhecereis a ..., e a ... vos libertará" Verdade
93%
"Perdoa-lhes, porque não sabem o que ..." Fazem
92%
"Eu sou o caminho, a verdade, e a ..." Vida
92%
"Eu sou o bom ..., e o bom ... dá a vida pelas ovelhas" Pastor
90%
"Pai, se possível, afasta de mim este ..." Cálice
84%
"Dai a ... o que é de ..." César
79%
"Porque onde estiver o vosso tesouro, aí estará também o vosso ..." Coração
78%
"Eu e meu Pai somos ..." Um
73%
"Eu porém vos digo: amai a vossos ..." Inimigos
70%
"É mais fácil passar um ... pelo vão da agulha que um rico entrar no Reino dos Céus" Camelo
69%
"Levanta-te, toma o teu leito, e ..." Anda
66%
"Pai, nas tuas mãos entrego o meu ..." Espírito
61%
"Eu vim para que tenham vida, e vida em ..." Abundância
60%
"..., sai para fora!" Lázaro
56%
"No mundo tereis ..., mas tende bom ânimo, eu venci o mundo" Aflições
54%
"Não deem as coisas santas aos cães, e nem joguem vossas ... aos porcos" Pérolas
54%
"Buscai primeiramente o Reino de Deus e a sua ... e as demais coisas serão acrescentadas" Justiça
45%
"Eu sou a videira ..., e meu Pai é o agricultor" Verdadeira
41%
Nenhum quiz correspondente encontrado
Distribuição das Pontuações
Porcentagem de Pessoas com Cada Pontuação
Percentil de Números Respondidos
Sua Pontuação Histórica
Você não jogou esse quiz